000
00304nam a2200109 a 4500
005
20140414131959.0
008
110214s19uu xx 00 eng d
050
_a
TR 372.4
_b
J71 2005
100
_a
Jones, Beverly
245
_a
Ready-to-use independent reading management kit :
_b
Grades 1.
999
_c
113030
_d
113030